<?xml version="1.0" encoding="UTF-8"?>
<record
    xmlns:xsi="http://www.w3.org/2001/XMLSchema-instance"
    xsi:schemaLocation="http://www.loc.gov/MARC21/slim http://www.loc.gov/standards/marcxml/schema/MARC21slim.xsd"
    xmlns="http://www.loc.gov/MARC21/slim">

  <leader>00775nam a2200181 i 4500</leader>
  <controlfield tag="001">31167</controlfield>
  <controlfield tag="003">ES-MaACL</controlfield>
  <controlfield tag="005">20230906154328.0</controlfield>
  <controlfield tag="007">t|</controlfield>
  <controlfield tag="008">030128s1875    fr           ||||1| fre d</controlfield>
  <datafield tag="100" ind1="1" ind2=" ">
    <subfield code="a">Beguyer de Chancourtois, Alexandre-Emile.</subfield>
    <subfield code="9">27043</subfield>
  </datafield>
  <datafield tag="245" ind1="1" ind2="3">
    <subfield code="a">Le syst&#xE9;me de la carte geologique d&#xE9;taill&#xE9;e de la France </subfield>
    <subfield code="b">: pr&#xE9;sent&#xE9; comme base de discussion pour l'&#xE9;tablissement d'un programme r&#xE9;pondant a la question de l'ex&#xE9;cution uniforme des relev&#xE9;s g&#xE9;ologiques / </subfield>
    <subfield code="c">par A. -E. Beguyer Chancourtois.</subfield>
  </datafield>
  <datafield tag="260" ind1=" " ind2=" ">
    <subfield code="a">Paris : </subfield>
    <subfield code="b">Soci&#xE9;t&#xE9; de G&#xE9;ographie, </subfield>
    <subfield code="c">1875.</subfield>
  </datafield>
  <datafield tag="300" ind1=" " ind2=" ">
    <subfield code="a">11 p. ; </subfield>
    <subfield code="c">23 cm.</subfield>
  </datafield>
  <datafield tag="650" ind1=" " ind2="4">
    <subfield code="a">Geolog&#xED;a-</subfield>
    <subfield code="z">Francia-</subfield>
    <subfield code="v">Mapas.</subfield>
    <subfield code="9">170264</subfield>
  </datafield>
  <datafield tag="651" ind1=" " ind2="4">
    <subfield code="a">Francia-</subfield>
    <subfield code="v">Mapas.</subfield>
    <subfield code="9">170263</subfield>
  </datafield>
  <datafield tag="852" ind1=" " ind2=" ">
    <subfield code="a">ES-MaACL</subfield>
    <subfield code="j">T-907-F-6 </subfield>
    <subfield code="z">.- Legado Botella de Hornos</subfield>
  </datafield>
  <datafield tag="999" ind1=" " ind2=" ">
    <subfield code="c">31167</subfield>
    <subfield code="d">31167</subfield>
  </datafield>
  <datafield tag="952" ind1=" " ind2=" ">
    <subfield code="0">0</subfield>
    <subfield code="1">0</subfield>
    <subfield code="4">0</subfield>
    <subfield code="7">0</subfield>
    <subfield code="8">Colecci&#xF3;n_de_folletos</subfield>
    <subfield code="a">ATENEOM</subfield>
    <subfield code="b">ATENEOM</subfield>
    <subfield code="c">DEPOF</subfield>
    <subfield code="d">2008-01-17</subfield>
    <subfield code="e">SC</subfield>
    <subfield code="l">0</subfield>
    <subfield code="o">T-907-F-6</subfield>
    <subfield code="p">1032198</subfield>
    <subfield code="r">2023-02-23 00:00:00</subfield>
    <subfield code="w">2023-02-23</subfield>
    <subfield code="y">FOLLETOS</subfield>
  </datafield>
</record>
